000 00556nam#a22002175a#4500
001 889
008 090825s1999####xx#a###g######000#f#spa#d
245 1 0 _aJóvenes y enamorados :
_bcon el corazón lleno de ideas /
_cSusana Martín.
250 _a2ª ed.
260 _aRosario :
_bAmeghino,
_c1999.
300 _a127 p. :
_bil. byn. ;
_c21 cm.
020 _a9879216113
100 1 _aMartín, Susana.
080 _a82.311.2
084 _aM26
653 _aNovela
040 _aAR-ClEAG
_cAR-ClEAG
005 20241107184651.0
003 AR-ClEAG
942 _cBK
999 _c889
_d889
980 _62
_aEvangelina Gallicchio
_82
_gEvangelina Gallicchio